|
|
|
|
| LEADER |
00000nam0a2200000 4500 |
| 001 |
183903 |
| 005 |
20231101223812.0 |
| 035 |
|
|
|a (RuTPU)RU\TPU\book\199377
|
| 090 |
|
|
|a 183903
|
| 100 |
|
|
|a 20100824d1948 m y0rusy50 ca
|
| 101 |
0 |
|
|a rus
|
| 102 |
|
|
|a RU
|
| 105 |
|
|
|a a z 001zb
|
| 200 |
1 |
|
|a Владимир Алексанндрович Кистяковский
|f Академия наук СССР (АН СССР) ; под ред. О. В. Исакова ; Е. С. Лихтенштейна
|
| 210 |
|
|
|a Москва
|c Изд-во Академии наук СССР
|d 1948
|
| 215 |
|
|
|a 46 с.
|c ил.
|
| 225 |
1 |
|
|a Серия химических наук
|h Вып. 10
|
| 320 |
|
|
|a Библиогр.: с. 26-42.
|
| 320 |
|
|
|a Список сокращений: с. 43-45.
|
| 600 |
|
1 |
|a Кистяковский
|b В. А.
|c русский физикохимик
|f 1865-1952
|g Владимир Александрович
|2 stltpush
|3 (RuTPU)RU\TPU\pers\15030
|
| 606 |
1 |
|
|a Физическая химия
|x История
|2 stltpush
|3 (RuTPU)RU\TPU\subj\70594
|9 84813
|
| 610 |
1 |
|
|a биографические данные
|
| 610 |
1 |
|
|a советские ученые
|
| 675 |
|
|
|a 544(092)
|v 3
|
| 702 |
|
1 |
|a Исаков
|b О. В.
|4 340
|
| 702 |
|
1 |
|a Лихтенштейн
|b Е. С.
|4 340
|
| 712 |
0 |
2 |
|a Академия наук СССР (АН СССР)
|2 stltpush
|3 (RuTPU)RU\TPU\col\722
|
| 801 |
|
1 |
|a RU
|b 63413507
|c 20100824
|
| 801 |
|
2 |
|a RU
|b 63413507
|c 20130529
|g RCR
|
| 942 |
|
|
|c BK
|